000
00252nam a2200097Ia 4500
001
707563
005
20250826162510.0
008
250824s9999 xx 000 0 und d
245
0
_a
ALİCE HARİKALAR DİYARINDA
_c
LEWİS CARROL
260
_b
TİMAŞ YAYINLARI
999
_c
707563
_d
707563